Aplicación Informática para Dinámica de Máquinas : Mecanismos de Leva

Este documento presenta una descripción y análisis del método gráfico empleado actualmente en la Facultad de Tecnología de la Industria, para la determinación del perfil de una leva, a partir del cual se ha realizado una interpretación geométrica y trigonométrica que conduce al desarrollo d...

Full description

Bibliographic Details
Main Authors: Salinas Ruíz, Marvin J., Oquist, Patricio J
Other Authors: Tutor: Blandino Rayo, Juan Oswaldo
Format: Tesis Section = Libro
Language:Undetermined
Spanish
Published: Managua UNI 1999
Subjects:
LEADER 01481nam a2200241Ia 4500
008 240830s9999 xx 000 0 und d
040 |a BIBLIOTECA-RUPAP Mon 001.6425 S165 
041 |a spa 
082 |a Mon 001.6425 S165 
100 1 |a Salinas Ruíz, Marvin J. 
100 1 |b Oquist, Patricio J 
245 1 0 |a Aplicación Informática para Dinámica de Máquinas : Mecanismos de Leva 
260 |a Managua  |b UNI  |c 1999 
300 |a 162 p. :il. 
500 |a Contiene: apéndices. 
502 |a Tesis (Ingeniero Industrial)- UNI, 1999. 
520 3 |a Este documento presenta una descripción y análisis del método gráfico empleado actualmente en la Facultad de Tecnología de la Industria, para la determinación del perfil de una leva, a partir del cual se ha realizado una interpretación geométrica y trigonométrica que conduce al desarrollo del código fuente y al diseño final de la aplicación informática. Unilev-Mecanismos de Leva. El programa es una herramienta muy interesante para el diseño de mecanismos de levas, teniendo como ventaja la disminución de los errores que acarrea el trabajo manual, lo que combinado con la velocidad de trabajo se convierte en una ayuda importante para la comprensión de los temas relacionados con esta importante pieza mecánica. 
650 7 |a INDUSTRIA-TECNOLOGIA 
650 7 |b LEVAS-MOVIMIENTOS MECANICOS 
700 1 |a Tutor:  |b Blandino Rayo, Juan Oswaldo 
942 |c BK  |2 ddc 
991 |a TESIS 
999 |c 15259